| 000 | 00761nam a22002891 4500 | ||
|---|---|---|---|
| 999 |
_c7632 _d7632 |
||
| 001 | 7632 | ||
| 003 | UkOxU | ||
| 005 | 20190321094532.0 | ||
| 008 | 921109s1986 enk 000 0 eng d | ||
| 020 | _a0412239507 | ||
| 035 | _aCURL Interim file ISBN04 record 115021 | ||
| 040 |
_aBD-JhCC _dBD-JhCC |
||
| 041 | _aeng | ||
| 082 |
_a617.1027 _bMIL 1966 |
||
| 100 | _a milroy, Patrick | ||
| 245 | 0 | 0 |
_aSports injuries / _band their treatment _cPatrick milroy |
| 260 |
_aLondon : _bChapman & Hall, _c1986 |
||
| 300 |
_a80 p. : _c24 cm. |
||
| 650 | 0 | _aSports medicine | |
| 650 | 0 | _aSports injuries | |
| 650 | 0 | _aSports injuries | |
| 700 | 1 |
_aHelal, Basil, _d1927- |
|
| 700 | 1 | _aKing, John. | |
| 700 | 1 | _aGrange, William | |
| 942 |
_2ddc _cBK |
||